Chočské vrchy Bešeňová, Tatralandia, Roháče, Liptovská Mara : turistická mapa

Bibliographic Details
Corporate Author: BB KART (Banská Bystrica, Slovensko) (Author)
Format: Map
Language:Slovak
PhysicalDescription:1 zložená mapa fareb. 68 x 98 cm, zložená na 22 x 12 cm
Published: Banská Bystrica BB KART 2010
ISBN:9788089134250 (zložená mapa)
Series:Tatraplan
Subjects:

MARC

LEADER 00000cem a2200000 a 4500
001 vtls009829119
003 SK-MaSNL
005 20260301130435.0
007 aj canzn
008 251029s2010 xo aj a r 0 l slo
020 |a 9788089134250 (zložená mapa) 
035 |a (SVKBBclas03)vtls000291912 
040 |a SNK  |b slo  |c SNK  |e AACR2 
041 0 |a slo 
043 |a e-xo--- 
044 |a xo  |c SK 
072 7 |a 913(4)  |x Geografia Európy, reálie, cestovanie  |2 konspekt 
080 |a 913(437.6)  |2 2001 
080 |a 912.43:796.51  |2 2001 
080 |a (084.3)  |2 2001 
110 2 |a BB KART (Banská Bystrica, Slovensko)  |4 aut  |9 35686 
245 1 0 |a Chočské vrchy  |h kartografický dokument  |b Bešeňová, Tatralandia, Roháče, Liptovská Mara : turistická mapa  |c BB KART s.r.o, Banská Bystrica 
255 |a Mierka 1:50 000 
260 |a Banská Bystrica  |b BB KART  |c 2010 
300 |a 1 zložená mapa  |b fareb.  |c 68 x 98 cm, zložená na 22 x 12 cm 
490 1 |a Tatraplan  |v 5008 
500 |a Obsahuje vysvetlivky, obrázky, text, 1 dopl. mp. a turistické informácie a klad listov na obale 
610 2 7 |a Tatralandia (Slovensko)  |2 SVKBBKA  |9 478046 
651 7 |a Chočské vrchy (Slovensko : pohorie)  |2 SNKPH  |9 160649 
651 7 |a Huty (Slovensko)  |2 SNKPH  |9 173083 
651 7 |a Roháče (Západné Tatry, Slovensko : pohorie)  |2 SNKPH  |9 74675 
651 7 |a Liptovská Mara (Slovensko : vodná nádrž)  |2 SNKPH  |9 113110 
655 7 |a turistické mapy  |2 SNKPH  |9 70551 
655 7 |a Tourist maps  |2 SNKPHeng  |9 295361 
830 0 |a Tatraplan  |9 329794 
852 |a Štátna vedecká knižnica v Banskej Bystrici 
919 |a 978-80-89134-25-0 
999 |c 745156  |d 747086 
952 |a SNK  |b SNK  |y PREZ  |7 0  |p 17A0596430  |o snkSLCm 2729  |i snk2008/16238  |8 0  |0 0  |1 0  |4 0  |d 2008-09-03  |l 0  |r 2026-02-23 23:13:44  |w 2026-02-23 
952 |a SNK  |b SNK  |y VYP  |7 0  |p 17A0596432  |o snkSLCm 2729 D1  |i snk2008/16239  |8 0  |0 0  |1 0  |4 0  |d 2008-09-03  |l 0  |r 2026-02-23 23:13:44  |w 2026-02-23